Laboratory experimentation in economics : six points of view /

Bibliographic Details
Other Authors: Roth, Alvin E., 1951-
Format: Book
Language:English
Published: Cambridge ; New York : Cambridge University Press, 1987.
Subjects:

MARC

Tag First Indicator Second Indicator Subfields
LEADER 00000cam a2200000 a 4500
001 in00000018143
005 20151007053150.0
008 870331s1987 enka b 00000 eng
010 |a  87010343  
020 |a 052133392X 
035 |a (OCoLC)15549217 
035 |9 AAB0629AM 
040 |a DLC  |c DLC  |d TXA  |d UtOrBLW 
049 |a TXAM  |c 1 [A11465600], 2 [A11071338] 
050 0 0 |a HB131  |b .L32 1987 
082 0 |a 330/.0724  |2 19 
245 0 0 |a Laboratory experimentation in economics :  |b six points of view /  |c edited by Alvin E. Roth. 
264 1 |a Cambridge ;  |a New York :  |b Cambridge University Press,  |c 1987. 
300 |a ix, 219 pages :  |b illustrations ;  |c 24 cm. 
336 |a text  |b txt  |2 rdacontent 
337 |a unmediated  |b n  |2 rdamedia 
338 |a volume  |b nc  |2 rdacarrier 
500 |a Based on a conference held at the University of Pittsburgh, May 16-18, 1985. 
505 0 |a Bargaining phenomena and bargaining theory / Alvin E. Roth -- Equity and coalition bargaining in experimental three-person games / Reinhard Selten -- The psychology of choice and the assumptions of economics / Richard Thaler -- Hypothetical valuations and preference reversals in the context of asset trading / Marc Knez and Vernon L. Smith -- Economics according to the rats (and pigeons too) / John H. Kagel -- Dimensions of parallelism / Charles R. Plott. 
504 |a Includes bibliographies. 
650 0 |a Economics  |x Experiments. 
700 1 |a Roth, Alvin E.,  |d 1951- 
999 |a MARS 
999 f f |s 03b5e494-c957-38ca-998c-7d0a86196cae  |i 8c5533dd-3215-348c-9858-fd1cba523179  |t 0 
952 f f |p ric  |a Texas A&M University  |b Rellis Campus  |c Joint Library Facility  |s JLF  |d Remote Storage  |t 0  |e HB131 .L32 1987  |h Library of Congress classification  |i unmediated -- volume  |m A14811465600 
998 f f |a HB131 .L32 1987  |t 0  |l Remote Storage